Thermodynamics : (Record no. 2376)
[ view plain ]
| 000 -LEADER | |
|---|---|
| fixed length control field | 01264nam a22003255a 4500 |
| 006 - FIXED-LENGTH DATA ELEMENTS--ADDITIONAL MATERIAL CHARACTERISTICS--GENERAL INFORMATION | |
| fixed length control field | a||||fr|||| 00| 0 |
| 008 - FIXED-LENGTH DATA ELEMENTS--GENERAL INFORMATION | |
| fixed length control field | 090226t2006 uk a|||fr|||| 001 0 eng d |
| 010 ## - LIBRARY OF CONGRESS CONTROL NUMBER | |
| LC control number | 2005007417 |
| 020 ## - INTERNATIONAL STANDARD BOOK NUMBER | |
| International Standard Book Number | 00712508420 |
| 020 ## - INTERNATIONAL STANDARD BOOK NUMBER | |
| International Standard Book Number | 9780071250849 |
| 040 ## - CATALOGING SOURCE | |
| Original cataloging agency | EG-ScBUE |
| Language of cataloging | eng |
| Transcribing agency | EG-ScBUE |
| 082 04 - DEWEY DECIMAL CLASSIFICATION NUMBER | |
| Classification number | 621.4021 |
| Item number | CEN |
| Edition number | 22 |
| 100 1# - MAIN ENTRY--PERSONAL NAME | |
| Personal name | Cengel, Yunus A. |
| 245 10 - TITLE STATEMENT | |
| Title | Thermodynamics : |
| Remainder of title | an engineering approach / |
| Statement of responsibility, etc | Yunus A. Cengel, Michael A. Boles. |
| 250 ## - EDITION STATEMENT | |
| Edition statement | 5th ed. |
| Remainder of edition statement | si units |
| 260 ## - PUBLICATION, DISTRIBUTION, ETC. (IMPRINT) | |
| Place of publication, distribution, etc | New York : |
| Name of publisher, distributor, etc | McGraw-Hill Higher Education, |
| Date of publication, distribution, etc | c. 2006. |
| 300 ## - PHYSICAL DESCRIPTION | |
| Extent | xxxii, 946 p. : |
| Other physical details | ill. ; |
| Dimensions | 26 cm. |
| Accompanying material | + 1 CD-ROM (4 3/4 in.) |
| 490 #0 - Series Statement | |
| Series statement | McGraw-Hill series in mechanical engineering |
| 500 ## - GENERAL NOTE | |
| General note | Index : p. 933-946. |
| 504 ## - BIBLIOGRAPHY, ETC. NOTE | |
| Bibliography, etc | Includes bibliographical references. |
| 590 ## - LOCAL NOTE (RLIN) | |
| Local note | MENNA elemam |
| 650 #0 - SUBJECT ADDED ENTRY--TOPICAL TERM | |
| Topical term or geographic name as entry element | Thermodynamics. |
| Source of heading or term | BUEsh |
| 651 ## - SUBJECT ADDED ENTRY--GEOGRAPHIC NAME | |
| Source of heading or term | BUEsh |
| 653 ## - INDEX TERM--UNCONTROLLED | |
| Resource For college | Engineering, General |
| Arrived date list | August2015 |
| 655 ## - INDEX TERM--GENRE/FORM | |
| Genre/form data or focus term | Thermo-Fluid Mechanics (Mechanical)- year 1. |
| Form subdivision | |
| General subdivision | Engineering |
| Chronological subdivision | Semester 2. 2008/2009 |
| 700 1# - ADDED ENTRY--PERSONAL NAME | |
| Personal name | Boles, Michael A. |
| 856 41 - ELECTRONIC LOCATION AND ACCESS | |
| Materials specified | Table of contents |
| Uniform Resource Identifier | <a href="http://www.loc.gov/catdir/toc/ecip0510/2005007417.html">http://www.loc.gov/catdir/toc/ecip0510/2005007417.html</a> |
| 856 41 - ELECTRONIC LOCATION AND ACCESS | |
| Materials specified | Publisher description |
| Uniform Resource Identifier | <a href="http://www.loc.gov/catdir/enhancements/fy0702/2005007417-d.html">http://www.loc.gov/catdir/enhancements/fy0702/2005007417-d.html</a> |
| 942 ## - ADDED ENTRY ELEMENTS (KOHA) | |
| Item type | |
| Call number prefix | 621.4021 CEN |
| Source of classification or shelving scheme | Dewey Decimal Classification |
| Withdrawn status | Item status | Source of classification or shelving scheme | Damaged status | Not for loan | Home library | Current library | Shelving location | Date acquired | Source of acquisition | Total Checkouts | Total Renewals | Full call number | Barcode | Date last seen | Date last borrowed | Koha item type | Cost, replacement price | Vendor |
|---|---|---|---|---|---|---|---|---|---|---|---|---|---|---|---|---|---|---|
| Dewey Decimal Classification | Central Library | Central Library | First floor | 19/02/2007 | Purchase | 19 | 80 | 621.4021 CEN | 000001911 | 15/07/2025 | 23/12/2018 | Book - Borrowing | ||||||
| Dewey Decimal Classification | Central Library | Central Library | First floor | 19/02/2007 | Purchase | 21 | 49 | 621.4021 CEN | 000001910 | 15/07/2025 | 27/10/2018 | Book - Borrowing | ||||||
| Dewey Decimal Classification | Central Library | Central Library | First floor | 19/02/2007 | Purchase | 9 | 36 | 621.4021 CEN | 000011361 | 15/07/2025 | 30/07/2018 | Book - Borrowing | 200.00 | |||||
| Dewey Decimal Classification | Central Library | Central Library | First floor | 26/02/2009 | 1 | 621.4021 CEN | 000001908 | 15/07/2025 | 10/10/2013 | NB - Book (Non borrowing) | ||||||||
| Dewey Decimal Classification | Central Library | Central Library | First floor | 07/03/2010 | 5 | 13 | 621.4021 CEN | 000020048 | 15/07/2025 | 23/12/2018 | Book - Borrowing | Baccah |